Der kluge bauer Oder, ein buch für den Bürger, Bauer und Landmann, darinnen von verschiedenen heilmitteln in allerlen Krankheiten des Viehes; von mancherlen haushaltungskünsten; von der Rechtschreibung; von den Sternen am himmel; von der Rinderzucht und denen gewöhnlich daben vorkommenden Fehlern; vom Aberglauben, und von mancherlen nüzlichen und angenehmen Geschichten geredet wird Vieter und lezter Theil

Bibliographic Details
Main Author: Sachs, Samuel (Author)
Format: Book
Language:German
PhysicalDescription:[16], 477 s. 17 cm
Published: Wien Im Verlag bei Johann Martin Weimar 1790
Subjects:

MARC

LEADER 00000nam a2200000 a 4500
001 vtls011134013
003 SK-MaSNL
005 20260301175824.0
008 200330s1790 au 001 0 ger
015 |a SNBHFA1790 
035 |a 1A63DF02-1B7E-4B69-BF23-BEBB07D61A46 
035 |a urn:nbn:sk:snk-amyfu8 
035 |a urn:nbn:sk:snk-am00cmbd 
040 |a SNKHF  |b slo  |c SNK  |e AACR2 
041 0 |a ger 
044 |a au  |c AT 
072 7 |a 63  |x Poľnohospodárstvo a príbuzné oblasti vedy a techniky  |2 konspekt 
080 |a 63  |2 2001 
080 |a (035)  |2 2001 
080 |a 615.8  |2 2001 
080 |a 592/599  |2 2001 
100 1 |a Sachs, Samuel  |4 aut  |9 550223 
245 1 4 |a Der kluge bauer  |b Oder, ein buch für den Bürger, Bauer und Landmann, darinnen von verschiedenen heilmitteln in allerlen Krankheiten des Viehes; von mancherlen haushaltungskünsten; von der Rechtschreibung; von den Sternen am himmel; von der Rinderzucht und denen gewöhnlich daben vorkommenden Fehlern; vom Aberglauben, und von mancherlen nüzlichen und angenehmen Geschichten geredet wird  |n Vieter und lezter Theil  |c Herausgegeben von Samuel Sachs, evangel. Prediger am Zlan zu Stoggenwoi, Mitglieb der königl. und ständischen Ackerbaugesellschaft in Rärnthen 
260 |a Wien  |b Im Verlag bei Johann Martin Weimar  |c 1790 
300 |a [16], 477 s.  |c 17 cm 
500 |a Kustody, linky 
504 |a Register 
546 |a Nemčina  |b Fraktúra 
561 |a Pôvodný exlibris: Franciscus Comes Berchtoldt.  |5 SNK ID 99178 
650 0 7 |a liečiteľstvo  |2 SNKPH  |9 71652 
650 0 7 |a zvieratá  |2 SNKPH  |9 1091 
655 7 |a príručky  |2 SNKPH  |9 74364 
700 1 |a Berchtold, František,  |d 1730-1793  |4 fmo  |9 166588 
710 2 |a Weimar, Johann Martin (Viedeň, Rakúsko),  |d 1784-1794  |4 pbl  |9 550224 
752 |a Rakúsko  |d Viedeň 
852 |a snk  |b Historické fondy  |p ID 99178 
958 |a ONDV 
999 |c 844144  |d 846074 
952 |t Be 133  |a SNK  |b SNK  |c SNK_HF  |y PREZ  |7 0  |p 17A1128070  |o snkID 99178  |i snk2015/30101  |8 5  |0 0  |1 0  |4 0  |d 2015-11-02  |f 1  |l 0  |r 2026-02-24 04:21:45  |w 2026-02-24